Währungen Asiens - Statistiken

Allgemein
  • Dieses Quiz wurde 73 mal gespielt
  • Das Durchschnittsergebnis liegt bei 20 aus 48
Antworten auf der Karte
Die Antworten werden auf der Karte rot bzw. grün angezeigt, abhängig davon wie oft sie richtig erraten wurden.
 
Antwortstatistiken
Land Währung % Korrekt
Indien Rupie
88%
Japan Yen
85%
Türkei Lira
74%
China Yuan
68%
Zypern Euro
65%
Singapur Dollar
62%
Südkorea Won
59%
Thailand Baht
56%
Israel Schekel
56%
Bahrain Dinar
53%
Irak Dinar
53%
Kuwait Dinar
50%
Vietnam Dong
50%
Nordkorea Won
50%
Jordanien Dinar
47%
Brunei Dollar
47%
Taiwan Dollar
44%
Iran Rial
41%
Indonesien Rupiah
41%
Afghanistan Afghani
38%
Osttimor Dollar
38%
Armenien Dram
38%
Nepal Rupie
38%
Sri Lanka Rupie
38%
Bangladesch Taka
38%
Syrien Lira/Pfund
35%
Libanon Pfund
35%
Jemen Rial
35%
Oman Rial
35%
Katar Riyal
35%
Saudi-Arabien Riyal
35%
Vereinigte Arabische Emirate Dirham
32%
Georgien Lari
32%
Aserbaidschan Manat
32%
Philippinen Peso
32%
Malaysia Ringgit
32%
Pakistan Rupie
32%
Kasachstan Tenge
32%
Laos Kip
29%
Kambodscha Riel
29%
Kirgisistan Som
29%
Myanmar Kyat
26%
Usbekistan So‘m
26%
Bhutan Ngultrum
24%
Malediven Rufiyaa
24%
Tadschikistan Somoni
24%
Mongolei Tögrög
24%
Turkmenistan Manat
21%
Keine übereinstimmenden Quizze gefunden
Verteilung der Resultate
Anzahl Personen mit jedem Resultat
Perzentil nach korrekt beantworteten Fragen
Ihre Resultats-Entwicklung
Sie haben dieses Quiz noch nicht gespielt